Five Countries with the Best Healthcare by Continent - Statistics

General Stats
  • This quiz has been taken 55 times
  • The average score is 23 of 28
Answer Stats
Continent Global Ranking Country % Correct
North America 14 Canada
98%
North America 18 United States
98%
Asia 19 Japan
94%
Oceania 16 Australia
92%
Oceania 7 New Zealand
92%
Europe 2 Norway
92%
Europe 4 Sweden
92%
South America 63 Argentina
90%
South America 37 Chile
90%
Europe 1 Denmark
90%
Europe 5 Finland
90%
Asia 28 South Korea
90%
South America 70 Brazil
88%
Asia 15 Singapore
88%
Africa 87 South Africa
88%
North America 49 Panama
86%
Asia 20 Taiwan
84%
South America 39 Uruguay
84%
North America 38 Costa Rica
82%
South America 61 Peru
82%
Europe 3 Switzerland
82%
Oceania 129 Papua New Guinea
76%
Asia 30 Israel
71%
Africa 51 Seychelles
59%
Africa 82 Botswana
57%
Africa 44 Mauritius
55%
Africa 88 Namibia
55%
North America 60 Trinidad and Tobago
49%
No matching quizzes found
Score Distribution
Percent of People with Each Score
Percentile by Number Answered
Your Score History
You have not taken this quiz